Typographia úradný orgán grafických robotníkov a príbuzných odvetví na Slovensku = Amtlicher Organ der graphischen Berufe in der Slowak = A slovenskói grafikai munkások és rokonszakmabeliek hivatalos közlönye

Odborový soc. dem. časopis typografických robotníkov

Bibliographic Details
New Title:Kníhtlačiar
Corporate Authors: Skupina typografickej organizácie (Slovensko) (Publisher), Zväz kníhtlačiarov v ČSR (Praha, Česko) (Publisher), A Szlovenszkói és Podkarpatszka Ruszi Grafikai Munkások Egyesülete (Publisher), Eder, Štefan (Bratislava, Slovensko), Gutenberg (Bratislava) (tlač.), Kníhtlačiareň Litera (Bratislava, Slovensko), Typographia (Bratislava) (tlač.), Volksstimme (Bratislava) (tlač.), Grafia (Bratislava) (tlač.), Tlačiarenské závody Práca (Bratislava, Slovensko), Grafické a vydavateľské podniky Pravda, n.p. (Bratislava) (tlač.), Zväz zamestnancov v tlačiarenskom a knihárskom priemysle Slovenský výbor ROH Bratislava (Publisher)
Other Authors: Landesmann, Leopold (Publishing director), Denk, Ján (Publishing director), Horňák, Pavel (Publishing director), Orován, Alex (Publishing director)
Format: Journal
Language:Slovak
German
Hungarian
PhysicalDescription:26 roč. 32 x 25 cm
Published: Bratislava Skupina typografickej organizácie 1919-25/II 1920
Bratislava [s.n.]
Bratislava A Szlovenszkói és Podkarpatszka Ruszi Grafikai Munkások Egyesülete
Bratislava Sväz kníhtlačiarov v Československej republike
Bratislava Slovenský výbor ROH Sväzu zamestnancov v priemysle tlačiarenskom a knihárskom v Bratislave
Subjects:

MARC

LEADER 00000nas a22000001a 4500
001 vtls010302431
003 SK-MaSNL
005 20260228162647.0
008 110810d19191950xo br p r 0 b0slo
015 |a SNBDS17XX9999 
015 |a 0826  |2 Kipsová 1919-38 
015 |a 1714  |2 Balúnová 1945-60 
038 |a SNKBUDS 
040 |a SNK  |b slo  |c SNK  |e AACR2 
041 0 |a slo  |a ger  |a hun 
044 |a xo  |c SK 
080 |a 331.105.442  |2 2001 
080 |a 655.26  |2 2001 
245 0 0 |a Typographia  |b úradný orgán grafických robotníkov a príbuzných odvetví na Slovensku = Amtlicher Organ der graphischen Berufe in der Slowak = A slovenskói grafikai munkások és rokonszakmabeliek hivatalos közlönye 
246 1 3 |a Typografia  |f 37/XIII 1931-1950 
260 |a Bratislava  |b Skupina typografickej organizácie  |c 1919-25/II 1920 
260 2 |3 26/II 1920-9/IV 1922  |a Bratislava  |b [s.n.] 
260 2 |3 10/IV 1922  |a Bratislava  |b A Szlovenszkói és Podkarpatszka Ruszi Grafikai Munkások Egyesülete 
260 2 |3 11/IV 1922-43/XX 1938  |a Bratislava  |b Sväz kníhtlačiarov v Československej republike 
260 3 |3 1/XX 1945-8/XXIV 1950  |a Bratislava  |b Slovenský výbor ROH Sväzu zamestnancov v priemysle tlačiarenskom a knihárskom v Bratislave 
300 |a 26 roč.  |c 32 x 25 cm 
310 |a 1x za dva mesiace  |b 1/XX 1945-8/XXIV 1950 
321 |a 1x týždenne  |b 1/I 1919-43/XX 1938 
362 0 |a Roč. I, č. 1 (sept. 1919)-roč. XX, č. 43 (okt. 1938); Roč. XX, č. 1 (30.5.1945)-roč. XXIV, č. 8 (15.8.1950) 
500 |a Zmena podnázvu: od 29/II (10. aug. 1920) Úradný orgán Spolku grafických robotníkov na Slovensku. - A szlovenszkói grafikai munkások egyesületének hivatalos közlönye. - Amtliches Organ der graphischen Arbeiter in der Slowakei; od 16/III (20. mája 1921) Úradné zprávy Spolku grafických robotníkov pre Slovensko a Podkarpatsku Rus. - A szlovenszkói és podkarpatska rusi nyomdai munkások egyesületének hivatalos közlönye. - Offizielles Organ des Vereines der Buchdruckerarbeiter der Slowakei und Karpathorusslands; od 10/IV (10. apr. 1922) Úradné zprávy Spolku grafických robotníkov pre Slovensko a Podkarpatskú Rus. - A szlovenszkói és podkarpatska rusi nyomdai munkások egyesületének hivatalos közlönye; od 11/IV (20. apr. 1922) Orgán Sväzu kníhtlačiarov v Československej republike. - A csehszlovák könyvnyomdászok szövetségének hivatalos közlönye; od 1/XVI1 (4. jan. 1935) Orgán Sväzu kníhtlačiarov v Československej republike; od 1/XX 1945 Časopis Slovenského výboru ROH Sväzu zamestnancov v priemysle tlačiarenskom a knihárskom 
500 |a Vych. v Bratislave každý týždeň, od 1/XX (1945) dvojmesačne, vo formáte 32 x 25 cm; od 1/V (6. jan. 1923) 38 x 27 cm; od 1/XX 1945 vo formáte 35 x 27 cm 
500 |a Zodp. red. Leopold Landesmann; od 16/III (20. mája 1921) Ján Denk; od 10/IV (10. apr. 1922) Pavel Horňák; od 27/V (7. júla 1923) Alex. Orován. Red. slov. časti od 7/II (13. febr. 1920) Robert Janiga; od 26/II (10. júla 1920) Andrej Mikuš; od 13/III (1. mája 1921) Štefan Wagner; od 19/VI (10. mája 1924) Pavel Horňák. Red. maď. časti od 26/II (10. júla 1920) J. Sebök; od 1/V (6. jan. 1923) Sándor Orován. Red. nem. časti od 26/II (10. júla 1920) P. Faczinek. Red. maď. a nem. časti od 31/II (30. aug. 1920) p. Faczinek; od 6/III (28. febr. 1921) J. Denk; od 1/XX 1945 red. sa neuvádza, od 2/XXIV (15. febr. 1950) zodp. red. J. Labuda, od 3/XXIV (15. apr. 1950) V. Rosa 
500 |a Vyd. Skupina typografickej organizácie; od 26/II (10. júla 1920) bez vydav.; od 10/IV (10. apr. 1922) A Szlovenszkói és Podkarpatszka Ruszi Grafikai Munkások Egyesülete; od 11/IV (20. apr. 1922) Sväz kníhtlačiarov v Československej republike; od 1/XX 1945 Slovenský výbor ROH Sväzu zamestnancov v priemysle tlačiarenskom a knihárskom v Bratislave 
500 |a Tlač. István Eder; od 29/II (10. aug. 1920) Buchdruckerei Volksstimme; od 42/II (25. dec. 1920) Kníhtlačiareň Gutenberg; od 2/VIII (9. jan. 1926) Kníhtlačiareň Typographia; od 46/XVI (15. nov. 1934) Kníhtlačiareň Litera; od 1/XX 1945 Pravda v Bratislave, od 1/XXII (15. jan. 1948) Slovenská Grafia v Bratislave, od 3/XXIV (15. apr. 1950) Tlačiarenské závody Práca, n. p., zákl. záv. v Bratislave 
500 |a Vychádzal od septembra 1919 do októbra 1938; Vych. od 30. mája 1945. Nadviazal na XX. roč. z r. 1938. Čas. prestal vychádzať. Posl. číslo 8/XXIV z 15. aug. 1950 
500 |a Mal prílohu Pravopisný radca 
505 8 0 |g Roč. I. 1919 14 čís. po 6-8 s. 
505 8 0 |g Roč. II. 1920 43 čís. po 6-12 s. 
505 8 0 |g Roč. III. 1921 38 čís. po 6-12 s. 
505 8 0 |g Roč. IV. 1922 36 čís. po 6-10 s. 
505 8 0 |g Roč. V. 1923 52 čís. po 4-10 s. 
505 8 0 |g Roč. VI. 1924 52 čís. po 4-6 s. 
505 8 0 |g Roč. VII. 1925 52 čís. po 4-6 s. 
505 8 0 |g Roč. VIII. 1926 52 čís. po 4-6 s. 
505 8 0 |g Roč. IX. 1927 53 čís. po 4 s. 
505 8 0 |g Roč. X. 1928 52 čís. po 4-14 s. 
505 8 0 |g Roč. XI. 1929 52 čís. po 4-8 s. 
505 8 0 |g Roč. XII. 1930 52 čís. po 4-8 s. 
505 8 0 |g Roč. XIII. 1931 52 čís. po 4-8 s. 
505 8 0 |g Roč. XIV. 1932 53 čís. po 4-10 s. 
505 8 0 |g Roč. XV. 1933 52 čís. po 4-6 s. 
505 8 0 |g Roč. XVI. 1934 52 čís. po 4-10 s. 
505 8 0 |g Roč. XVII. 1935 52 čís. po 4-8 s. 
505 8 0 |g Roč. XVIII. 1936 52 čís. po 1-8 s. 
505 8 0 |g Roč. XIX. 1937 53 čís. po 4-6 s. 
505 8 0 |g Roč. XX. 1938 43 čís. po 4-8 s. 
505 8 0 |g Roč. XX. 1945 9 č. po 4-6 s. 
505 8 0 |g Roč. XXII. 1947 4 č. po 4-6 s. 
505 8 0 |g Roč. XXII. 1948 7 č. po 4-8 s. 
505 8 0 |g Roč. XXIII. 1949 8 č. po 4 s. 
505 8 0 |g Roč. XXIV. 1950 8 č. po 4 s. 
505 8 0 |g Roč. XXI. 1946 10 č. po 4 s. 
515 |a Chyba v označení ročníka v r. 1945 i v r. 1948 
520 |a Odborový soc. dem. časopis typografických robotníkov 
580 |a Od 4. novembra 1938 vychádzal pod názvom Kníhtlačiar; od 1/XX 1945opäť pod názvom Typografia 
650 0 7 |a typografia  |2 SNKPH  |9 13578 
650 0 7 |a odbory  |2 SNKPH  |9 2328 
655 7 |a odborárske časopisy  |2 SNKBUDS  |9 265613 
700 1 |a Landesmann, Leopold  |4 pbd  |9 271731 
700 1 |a Denk, Ján  |4 pbd  |9 271732 
700 1 |a Horňák, Pavel  |4 pbd  |9 221553 
700 1 |a Orován, Alex.  |4 pbd  |9 271733 
700 1 |a Janiga, Róbert  |4 red  |9 271354 
700 1 |a Mikuš, Andrej  |4 red  |9 271734 
700 1 |a Wagner, Štefan  |4 red  |9 271735 
700 1 |a Sebök, J.  |4 red  |9 271736 
700 1 |a Faczinek, P.  |4 red  |9 271737 
700 1 |a Denk, Ján  |4 red  |9 271732 
700 1 |a Labuda, J.  |4 red  |9 271738 
700 1 |a Rosa, V.  |4 red  |9 271739 
710 2 |a Skupina typografickej organizácie (Slovensko)  |e vydav.  |9 271740 
710 2 |a Zväz kníhtlačiarov v ČSR (Praha, Česko)  |e vydav.  |9 271741 
710 2 |a A Szlovenszkói és Podkarpatszka Ruszi Grafikai Munkások Egyesülete  |e vydav.  |9 271742 
710 0 |a Eder, Štefan (Bratislava, Slovensko),  |d 1887-1934  |9 159161 
710 2 |a Gutenberg (Bratislava)  |e tlač.  |9 271743 
710 2 |a Kníhtlačiareň Litera (Bratislava, Slovensko)  |9 261800 
710 2 |a Typographia (Bratislava)  |e tlač.  |9 269857 
710 2 |a Volksstimme (Bratislava)  |e tlač.  |9 271286 
710 2 |a Grafia (Bratislava)  |e tlač.  |9 271744 
710 2 |a Tlačiarenské závody Práca (Bratislava, Slovensko)  |9 178085 
710 2 |a Grafické a vydavateľské podniky Pravda, n.p. (Bratislava)  |e tlač.  |9 271423 
710 2 |a Zväz zamestnancov v tlačiarenskom a knihárskom priemysle  |b Slovenský výbor ROH Bratislava  |e vydav.  |9 271745 
770 0 |t Pravopisný radca 
785 0 0 |t Kníhtlačiar 
852 |a SNK  |b 10000  |h ČSA 216 
852 |a UKB  |b 300000  |h 20 A 83 
852 |a PANKP  |b 5000000  |h 54 C 1874 
852 |a PANKP  |b 5000000  |h IV 1004 
852 |a SVKKK  |b 900000  |h D 22 
852 |a UKB  |b 300000  |h SB 236 
999 |c 8161  |d 10091